Les chants de Maldoror

Guardado en:
Bibliografiske detaljer
Hovedforfatter: Ducasse, Isidore
Format: Bog
Sprog:Undetermined
Udgivet: París, Francia Gallimard 1973
Fag:
Tags: Tilføj Tag
Ingen Tags, Vær først til at tagge denne postø!

MARC

LEADER 00000nam a2200000Ia 4500
008 170316s9999 xx 000 0 und d
040 |a cru BVZT 
090 |a 840 D-12c 
100 |a Ducasse, Isidore 
245 |a Les chants de Maldoror 
260 |a París, Francia 
260 |b Gallimard 
260 |c 1973 
300 |a 504 páginas 
650 |a LITERATURA FRANCESA 
999 |c 7632  |d 7632 
942 |c 15 D  |h 840 D-12c  |2 z